[Event "Moscow op-A 16th"]
[Site "Moscow"]
[Date "2020.01.31"]
[Round "7"]
[White "Davydova, Kira"]
[Black "Shagdurov, Denis"]
[Result "1/2-1/2"]
[WhiteElo "2023"]
[BlackElo "2144"]
[PlyCount "81"]
[EventDate "2020.01.25"]
[EventType "swiss"]
[EventRounds "9"]
[EventCountry "RUS"]
[SourceTitle "CBM 194 Extra"]
[Source "ChessBase"]
[SourceDate "2020.03.31"]
[SourceVersion "1"]
[SourceVersionDate "2020.03.31"]
[SourceQuality "1"]

1. d4 Nf6 2. Nf3 c5 3. d5 b5 4. Bg5 Qb6 5. c3 Bb7 6. Bxf6 Qxf6 7. e4 b4 8. Qc2 g6 9. Nbd2 Bg7 10. Rc1 bxc3 11. bxc3 0-0 12. Nc4 Ba6 13. Bd3 Bb5 14. Nb2 Qa6 15. Bxb5 Qxb5 16. Qb3 a6 17. Na4 d6 18. Qc2 Nd7 19. Rb1 Qa5 20. Rb7 Ne5 21. Nxe5 Bxe5 22. 0-0 Rfb8 23. Rfb1 Rxb7 24. Rxb7 Kf8 25. Qb3 h5 26. g3 Bf6 27. Nb6 Re8 28. Nd7+ Kg7 29. Nxf6 Kxf6 30. f4 g5 31. fxg5+ Kxg5 32. Qc2 c4 33. h4+ Kg6 34. Kg2 Kg7 35. Rb4 e6 36. Qd2 exd5 37. Qg5+ Kf8 38. Qh6+ Kg8 39. Qg5+ Kf8 40. Qh6+ Kg8 41. Qg5+ 1/2-1/2

[Event "Moscow-chT"]
[Site "Moscow"]
[Date "2016.10.25"]
[Round "5.3"]
[White "Davydova, Kira"]
[Black "Smirnov, Timofey"]
[Result "1/2-1/2"]
[WhiteElo "1788"]
[BlackElo "2319"]
[PlyCount "107"]
[EventDate "2016.10.18"]
[EventType "team-swiss"]
[EventRounds "9"]
[EventCountry "RUS"]
[SourceTitle "CBM 175 Extra"]
[Source "ChessBase"]
[SourceDate "2016.12.12"]
[SourceVersion "1"]
[SourceVersionDate "2016.12.12"]
[SourceQuality "1"]
[WhiteTeam "Russia Chess School"]
[BlackTeam "Moscow Youth"]
[WhiteTeamCountry "RUS"]
[BlackTeamCountry "RUS"]

1. d4 d5 2. c4 c6 3. Nf3 Nf6 4. Qc2 dxc4 5. Qxc4 Bf5 6. Nc3 e6 7. e3 Nbd7 8. Be2 Be7 9. 0-0 0-0 10. Nh4 Bc2 11. Na4 Be4 12. Nc3 Bd5 13. Nxd5 exd5 14. Qb3 Qb6 15. Qc2 g6 16. Nf3 Rfe8 17. Nd2 Bf8 18. Nb3 Bg7 19. Bd2 Qc7 20. Rac1 Ne4 21. Be1 Rac8 22. Bf3 f5 23. Nd2 Nef6 24. b4 f4 25. e4 dxe4 26. Nxe4 Nxe4 27. Bxe4 Nf6 28. Bf3 Qd7 29. Bc3 g5 30. Rfe1 g4 31. Be4 Rcd8 32. Bf5 Qd5 33. Re5 Qf7 34. Rce1 Kh8 35. Be6 Qf8 36. a3 b5 37. Rf5 Rd6 38. Rfe5 Nd5 39. Rh5 h6 40. Rf5 Nf6 41. Rfe5 g3 42. hxg3 fxg3 43. f3 Nd5 44. Bxd5 Rxe5 45. dxe5 Rxd5 46. e6 Qe7 47. Bxg7+ Kxg7 48. Qxc6 Rd6 49. Qc3+ Kh7 50. Qe5 a6 51. Qf5+ Kg7 52. Qe5+ Kh7 53. Qf5+ Kg7 54. Qe5+ 1/2-1/2

[Event "Samara Polugaevsky Memorial 6th"]
[Site "Samara"]
[Date "2016.07.09"]
[Round "7"]
[White "Alieva, Viktoria"]
[Black "Davydova, Kira"]
[Result "0-1"]
[WhiteElo "1567"]
[BlackElo "1785"]
[PlyCount "58"]
[EventDate "2016.07.03"]
[EventType "swiss"]
[EventRounds "9"]
[EventCountry "RUS"]
[SourceTitle "EXT 2019"]
[Source "ChessBase"]
[SourceDate "2018.10.10"]
[SourceVersion "1"]
[SourceVersionDate "2018.10.10"]
[SourceQuality "1"]

1. e4 d6 2. d4 g6 3. c3 Bg7 4. Be3 Nf6 5. Bd3 Nc6 6. h3 0-0 7. Qd2 e5 8. d5 Ne7 9. Bh6 Ne8 10. Bxg7 Kxg7 11. h4 Nf6 12. f3 c6 13. c4 b5 14. b3 Qb6 15. Ne2 Ba6 16. g4 Rac8 17. h5 Neg8 18. hxg6 fxg6 19. Ng3 bxc4 20. g5 cxd3 21. gxf6+ Rxf6 22. Qg2 Qe3+ 23. Kd1 Qxf3+ 24. Qxf3 Rxf3 25. Rh3 Rf7 26. dxc6 Rxc6 27. Na3 Nf6 28. Rc1 Rxc1+ 29. Kxc1 Ng4 0-1

[Event "Samara Polugaevsky Memorial 6th"]
[Site "Samara"]
[Date "2016.07.08"]
[Round "6"]
[White "Davydova, Kira"]
[Black "Trifonov, Jaroslav"]
[Result "0-1"]
[WhiteElo "1785"]
[BlackElo "1715"]
[PlyCount "126"]
[EventDate "2016.07.03"]
[EventType "swiss"]
[EventRounds "9"]
[EventCountry "RUS"]
[SourceTitle "EXT 2019"]
[Source "ChessBase"]
[SourceDate "2018.10.10"]
[SourceVersion "1"]
[SourceVersionDate "2018.10.10"]
[SourceQuality "1"]

1. d4 d5 2. c4 e6 3. Nf3 Nf6 4. g3 dxc4 5. Bg2 a6 6. Ne5 c5 7. dxc5 Qa5+ 8. Nc3 Qxc5 9. Nf3 Bd6 10. 0-0 0-0 11. Be3 Qc7 12. Nd2 Bb4 13. Na4 Nbd7 14. Rc1 Bxd2 15. Qxd2 Rb8 16. b3 b5 17. Nb2 Bb7 18. Bxb7 Qxb7 19. bxc4 b4 20. f3 a5 21. Nd3 Rfd8 22. Qb2 Qc6 23. Bf4 Rb7 24. Rfd1 Re8 25. Kf1 Rc8 26. Nf2 Qa6 27. Rd6 Rb6 28. Rxb6 Nxb6 29. c5 Nbd5 30. Bd2 Qb5 31. Nd3 Nd7 32. Qd4 N7f6 33. Ne5 Ne7 34. g4 Nfd5 35. Kf2 f6 36. Nd3 Nc6 37. Qe4 Re8 38. g5 f5 39. Qh4 g6 40. Nf4 Nxf4 41. Qxf4 Rd8 42. Qe3 Kf7 43. Be1 Rd5 44. Kf1 a4 45. Bf2 Rd4 46. f4 Rd5 47. Qh3 Kg8 48. Qe3 Kf7 49. a3 b3 50. Qc3 e5 51. fxe5 Rxe5 52. Qd2 Re6 53. Qd7+ Kf8 54. Qd2 Ke8 55. Rd1 f4 56. Qb2 Re5 57. Qd2 f3 58. Be3 Rd5 59. Qe1 Rxd1 60. Qxd1 fxe2+ 61. Qxe2 Qxe2+ 62. Kxe2 b2 63. Kd3 b1Q+ 0-1

[Event "Samara Polugaevsky Memorial 6th"]
[Site "Samara"]
[Date "2016.07.03"]
[Round "1"]
[White "Shapiro, David"]
[Black "Davydova, Kira"]
[Result "1-0"]
[WhiteElo "2296"]
[BlackElo "1785"]
[PlyCount "117"]
[EventDate "2016.07.03"]
[EventType "swiss"]
[EventRounds "9"]
[EventCountry "RUS"]
[SourceTitle "EXT 2019"]
[Source "ChessBase"]
[SourceDate "2018.10.10"]
[SourceVersion "1"]
[SourceVersionDate "2018.10.10"]
[SourceQuality "1"]

1. Nf3 Nf6 2. c4 d6 3. d4 g6 4. g3 Bg7 5. Bg2 Nbd7 6. 0-0 0-0 7. Nc3 e5 8. e4 exd4 9. Nxd4 Ne5 10. b3 Nfd7 11. h3 Nc5 12. Be3 a5 13. Qc2 Bd7 14. Rad1 a4 15. f4 axb3 16. axb3 Nc6 17. Nxc6 bxc6 18. e5 Nb7 19. Ne4 Qe7 20. Bd4 Bf5 21. Qb2 dxe5 22. fxe5 Bxe4 23. Bxe4 Na5 24. Ra1 Rfb8 25. Qc3 Qd7 26. Bc5 Nb7 27. Rxa8 Rxa8 28. Bf2 Re8 29. Qf3 Nd8 30. Rd1 Qe6 31. Bc2 Qxh3 32. Bd4 Qe6 33. Qf4 c5 34. Bxc5 Bxe5 35. Qf3 Nc6 36. Be4 Ne7 37. Kg2 Qa6 38. Re1 Bd6 39. Bd5 Nf5 40. Rxe8+ Kg7 41. Bxd6 Qxd6 42. Qc3+ Kh6 43. Re1 f6 44. Rh1+ Kg7 45. g4 Ne7 46. Qd2 g5 47. Qe3 Nxd5 48. cxd5 Qxd5+ 49. Qf3 Qd2+ 50. Kh3 Qd7 51. Rd1 Qe6 52. Kg2 Qc8 53. Qf5 Qb7+ 54. Qd5 Qb4 55. Qd7+ Kh6 56. Rh1+ Kg6 57. Qf5+ Kg7 58. Rxh7+ Kf8 59. Qc8# 1-0

[Event "World School-ch U11 Girls 11th"]
[Site "Pattaya"]
[Date "2015.05.07"]
[Round "1"]
[White "Davydova, Kira"]
[Black "Ning, Kaiyu"]
[Result "0-1"]
[WhiteElo "1634"]
[BlackElo "1282"]
[PlyCount "156"]
[EventDate "2015.05.07"]
[EventType "swiss"]
[EventRounds "9"]
[EventCountry "THA"]
[SourceTitle "CBM 166 Extra"]
[Source "ChessBase"]
[SourceDate "2015.06.18"]
[SourceVersion "1"]
[SourceVersionDate "2015.06.18"]
[SourceQuality "1"]

1. d4 e6 2. Nf3 d5 3. g3 b6 4. c4 c6 5. Bg2 Bb7 6. cxd5 exd5 7. 0-0 Nf6 8. Nc3 Be7 9. Qc2 Nbd7 10. Rd1 0-0 11. Nh4 Re8 12. Nf5 Bf8 13. Bf4 Re6 14. Bh3 Nh5 15. Be3 Qe8 16. Nh4 Rxe3 17. fxe3 Qxe3+ 18. Kg2 Ndf6 19. Qd2 Qe7 20. Nf5 Qc7 21. Rf1 c5 22. g4 Ne4 23. Nxe4 dxe4 24. e3 Nf4+ 25. Rxf4 Qxf4 26. Rf1 Qc7 27. dxc5 Qxc5 28. Rc1 Qd5 29. Qxd5 Bxd5 30. a3 g6 31. Ng3 Bg7 32. Rd1 Bb3 33. Rd2 Re8 34. Kf2 Ba4 35. Bg2 Bc6 36. Rd6 Ba8 37. b3 Be5 38. Rd7 Rc8 39. Rxa7 Rc2+ 40. Ne2 Bd5 41. Re7 Bxh2 42. Bxe4 Bxe4 43. Rxe4 Bd6 44. Ra4 Ra2 45. Ra6 Bc5 46. Kf3 Rxa3 47. Rxa3 Bxa3 48. Nc3 Be7 49. Nd5 Bd8 50. Ke4 Kg7 51. Kf4 h5 52. gxh5 gxh5 53. Kg3 Kg6 54. Kf4 h4 55. Kg4 Kg7 56. Nf4 Kf6 57. Kxh4 Ke5+ 58. Kg3 Ke4 59. Kf2 Bg5 60. Ng2 Kd3 61. Kf3 Kc3 62. Kg4 Bd8 63. Nf4 Kxb3 64. Nd5 Kc4 65. e4 b5 66. Kf5 b4 67. Ne3+ Kd3 68. Nd5 b3 69. Nf4+ Kc2 70. Ne2 b2 71. Nd4+ Kd3 72. Ne6 fxe6+ 73. Kxe6 Kxe4 74. Kd7 b1Q 75. Kxd8 Qb7 76. Ke8 Ke5 77. Kf8 Kf6 78. Kg8 Qg7# 0-1